logo

Bir Sreshtho Munshi Abdur Rouf Library
Jhenaidah Cadet College

Simon / (Record no. 7442)

MARC details
000 -LEADER
fixed length control field 00651nam a2200253 4500
001 - CONTROL NUMBER
JCCL Control Number 7442
003 - CONTROL NUMBER IDENTIFIER
JCCL marc code BD - JhCC
005 - DATE AND TIME OF LATEST TRANSACTION
control field 20180402085947.0
008 - FIXED-LENGTH DATA ELEMENTS--GENERAL INFORMATION
fixed length control field 890504s1988 enk 000 1 eng d
020 ## - INTERNATIONAL STANDARD BOOK NUMBER
International Standard Book Number 0297792814
035 ## - SYSTEM CONTROL NUMBER
system control number (BD-JhCC)7442
040 ## - CATALOGING SOURCE
Original cataloging agency BD-JhCC
Modifying agency BD-JhCC
041 ## - LANGUAGE CODE
Language code of Book eng
082 ## - DEWEY DECIMAL CLASSIFICATION NUMBER
Classification number 823/.914
DDC Edition number 19
Author mark and Year SUT 1988
100 1# - MAIN ENTRY--PERSONAL NAME
Personal name Sutcliff, Rosemary
245 10 - TITLE STATEMENT
Title Simon /
Statement of responsibility, etc Rosemary Sutcliff,
260 ## - PUBLICATION, DISTRIBUTION, ETC. (IMPRINT)
Place of publication, distribution, etc London :
Name of publisher, distributor, etc Weidenfeld & Nicolson,
Date of publication, distribution, etc 1988
300 ## - PHYSICAL DESCRIPTION
Pagination 249 p. ;
Dimensions 23 cm
650 ## - SUBJECT ADDED ENTRY--TOPICAL TERM
Topical term or geographic name as entry element World War (1939-1945)
650 ## - SUBJECT ADDED ENTRY--TOPICAL TERM
Topical term or geographic name as entry element Raids (Military science)
650 ## - SUBJECT ADDED ENTRY--TOPICAL TERM
Topical term or geographic name as entry element Military campaigns
942 ## - ADDED ENTRY ELEMENTS (KOHA)
Source of classification or shelving scheme Dewey Decimal Classification
Koha item type Books
Holdings
Source of classification or shelving scheme Damaged status Not for loan Home library Current library Shelving location Date of accession Total Checkouts Full call number Barcode Date last seen Copy number Koha item type
Dewey Decimal Classification     JCC Rouf Library JCC Rouf Library General Stacks 04/02/2018   823/.914 SUT 1988 9561 04/02/2018 C-1 Books

JCC Library | Contacts | JCC Home

Last Update on 23 September 2017
Copyright @ 2017-2020 JCC Rouf Library
Rouf Library, Jhenidah Cadet College (JCC), Bangladesh